The character of leadership: (Record no. 49633)
| 000 -LEADER | |
|---|---|
| fixed length control field | 00397nam a2200121 4500 |
| 020 ## - INTERNATIONAL STANDARD BOOK NUMBER | |
| International Standard Book Number | 9780805445329 |
| 100 ## - MAIN ENTRY--PERSONAL NAME | |
| Personal name | Iorg, Jeff. |
| 9 (RLIN) | 86748 |
| 245 ## - TITLE STATEMENT | |
| Title | The character of leadership: |
| Remainder of title | nine qualities that define great leaders / |
| Statement of responsibility, etc | Jeff Iorg. |
| 260 ## - PUBLICATION, DISTRIBUTION, ETC. (IMPRINT) | |
| Place of publication, distribution, etc | Nashville, Tennessee: |
| Name of publisher, distributor, etc | Publishing Group; |
| Date of publication, distribution, etc | 2007. |
| 300 ## - PHYSICAL DESCRIPTION | |
| Extent | 232 p |
| Dimensions | 18 cm. |
| 650 ## - SUBJECT ADDED ENTRY--TOPICAL TERM | |
| Topical term or geographic name as entry element | Religion. Christian life. |
| 9 (RLIN) | 86749 |
| 942 ## - ADDED ENTRY ELEMENTS (KOHA) | |
| Source of classification or shelving scheme | |
| Koha item type | NON FIC SECTION |
| Withdrawn status | Lost status | Source of classification or shelving scheme | Damaged status | Not for loan | Collection code | Home library | Current library | Shelving location | Date acquired | Full call number | Barcode | Date last seen | Price effective from | Koha item type |
|---|---|---|---|---|---|---|---|---|---|---|---|---|---|---|
| Non-Fiction | Asian Hope Secondary Library | Asian Hope Secondary Library | SECONDARY | 10/09/2025 | 253 IOR | 208285 | 01/16/2026 | 10/09/2025 | NON FIC SECTION |